000 00257 a2200109 4500
000 nam a22 7a 4500
005 20260306125745.0
020 _a9789359540924
245 _aScholastic Yearbook 2026
260 _bScholastic India
_c2026
942 _cTEXL
999 _c1688499
_d1688499